Представление документа в формате RUSMARC

ПолеНазваниеЗначение
  Тип записи a
  Библиографический уровень a
001 Контрольный номер RU/CBS_Ul/BASE/488459762
005 Дата корректировки 20240209175148.8
100 Данные общей обработки __
a Данные общей обработки 20150624d2015 ||| 0rusy0189 ca
101 Язык документа 0_
a Язык текста rus
102 Страна публикации __
a Страна публикации RU
105 Кодированные данные (монография) __
a Кодированные данные (монография) y###||||000|y
200 Заглавие и сведения об ответственности 1_
a Заглавие От Рейхстага до Победы
b Общее обозначение материала Текст
e Сведения, относящиеся к заглавию [воспоминания ветерана Великой Отечественной войны Битянова Р.Д.]
f Первые сведения об ответственности Р.Д. Битянов
300 Общие примечания __
a Общие примечания Ограничения по возрасту - 12+
461 Уровень набора _0
1 2000
a Бумеранг
463 Уровень физической единицы _0
1 001RU/CBS_Ul/BASE/487257507
1 2000
a № 5
v С. 38-41 : фото
1 210
d 2015
600 Персоналии _0
a Персоналии (Фамилия) Битянов
b Персоналии (Имя, инициалы) Р.Д.
606 Тематические рубрики 0_
a Основная рубрика Великая Отечественная война - 1941-1945
y Географическая подрубрика Берлин, город (Германия)
z Хронологическая подрубрика 1945 г.
610 Ключевые слова 0_
a Ключевые слова Великая Отечественная война
a Ключевые слова штурм
a Ключевые слова 70-летие Победы
a Ключевые слова бои
a Ключевые слова войны
a Ключевые слова ВОВ
686 Индексы других классификаций __
a Классификационный индекс 63.3(2)622
2 Код системы ББК
700 Автор _1
a Фамилия Битянов
b Имя (инициалы) Р.Д.
801 Источник записи _0
a Страна RU
b Организация МБУК ЦБС г. Ульяновска
c Дата составления 20150624
g Правила каталогизации RCR
801 Источник записи _1
a Страна RU
b Организация МБУК ЦБС г. Ульяновска
c Дата составления 20150624
g Правила каталогизации RCR
901 Тип документа __
t Тип документа b
w Контрольный № источника RU/CBS_Ul/BASE/487257507
910 Корректоры записи __
a Корректор записи admin2
938 Служебная информация __
a Имя БД period